Reporting v Power BI, PowerPivot a jazyk DAX /
Enregistré dans:
| Auteur principal: | |
|---|---|
| Format: | Livre |
| Langue: | slovaque |
| Publié: |
Pezinok
Smart People
2018
|
| Édition: | 1. vyd. |
| Tags: |
Pas de tags, Soyez le premier à ajouter un tag!
|
MARC
| LEADER | 00000nam a22000003a 4500 | ||
|---|---|---|---|
| 001 | 0083730 | ||
| 003 | SK-STU | ||
| 005 | 20201012131454.4 | ||
| 007 | ta | ||
| 008 | 201012s ----xo-----e------000-0-----d | ||
| 020 | |a 978-80-9773078-0-6 | ||
| 040 | |a STU |b slo | ||
| 041 | 0 | |a slo | |
| 044 | |a xo | ||
| 100 | 1 | |a Chmelár, Michal |4 aut | |
| 245 | 1 | 0 | |a Reporting v Power BI, PowerPivot a jazyk DAX / |c aut. Michal Chmelár |
| 250 | |a 1. vyd. | ||
| 260 | |a Pezinok |b Smart People |c 2018 | ||
| 300 | |a 557 s. | ||
| 996 | |b 284M088431 |c M* 14356-1 |l MMKN |s A |a 24 |w 0083730_0001 | ||